000 01126nam a22002417a 4500
999 _c2799
_d2799
003 OSt
005 20231213095410.0
008 230822b ||||| |||| 00| 0 eng d
020 _a9780357448519
040 _cKH8
082 _a428.24 LEE
100 _aLee, Christien,
_eauthor.
245 _aReflect Reading & Writing 4 /
_cChristien Lee
250 _aFirst edition
260 _bHeinle ELT:
_c2021.
300 _c8.54 x 0.47 x 10.91 inches.
440 _aReflect Reading & Writing
_n4
520 _aRelatable, student-centered content combined with essential academic-skill instruction make the new six-level Reflect, First Edition series unique. As students interact with the engaging content, they not only master English, but also navigate their place in the world. Reflect builds students' confidence and helps them achieve their academic, professional, and personal goals. A clear framework of academic and critical thinking skills prepares students for future reading and writing success
650 _aEnglish
_vReading
650 _aEnglish
_vWriting
650 _aEnglish
_vSecond language
942 _2ddc
_cTR